书目信息 |
| 题名: |
看图自学电子琴
|
|
| 作者: | 杨青 编著 | |
| 分册: | ||
| 出版信息: | 北京 人民邮电出版社 2020.10 |
|
| 页数: | 124页 | |
| 开本: | 29cm | |
| 丛书名: | ||
| 单 册: | ||
| 中图分类: | J628.1 | |
| 科图分类: | ||
| 主题词: | 电子琴--奏法--教材 | |
| 电子资源: | ||
| ISBN: | 978-7-115-41787-9 | |
| 000 | 00817nam0 2200241 45 | |
| 001 | 012001001917 | |
| 005 | 20141011172740.0 | |
| 010 | @a978-7-115-41787-9@dCNY39.80 | |
| 100 | @a20160630d2016 em y0chiy50 ea | |
| 101 | 0 | @achi |
| 102 | @aCN@b110000 | |
| 105 | @aag z 000yy | |
| 106 | @ar | |
| 200 | 1 | @a看图自学电子琴@Akan tu zi xue dian zi qin@b专著@f杨青编著 |
| 210 | @a北京@c人民邮电出版社@d2020.10 | |
| 215 | @a124页@c图@d29cm | |
| 300 | @a二维码教学版 | |
| 330 | @a本书是为零基础读者打造电子琴入门学习教程,全书包含入门教程、简谱基础知识、经典练习曲目等部分;通过对演奏方法及乐理知识的讲解,让读者先掌握基本的入门知识,再进行曲目练习。 | |
| 606 | 0 | @a电子琴@x奏法@j教材 |
| 690 | @aJ628.1@v5 | |
| 701 | 0 | @a杨青@Ayang qing@4编著 |
| 801 | 2 | @aCN@bBJSDL@c20211018 |
| 905 | @b1346225-8@dJ628.1@e597@f4 | |
| 看图自学电子琴/杨青编著.-北京:人民邮电出版社,2020.10 |
| 124页:图;29cm |
| 二维码教学版 |
| ISBN 978-7-115-41787-9:CNY39.80 |
| 本书是为零基础读者打造电子琴入门学习教程,全书包含入门教程、简谱基础知识、经典练习曲目等部分;通过对演奏方法及乐理知识的讲解,让读者先掌握基本的入门知识,再进行曲目练习。 |
| ● |
| 相关链接 |
|
|
|
|
正题名:看图自学电子琴
索取号:J628.1/597
 
预约/预借
| 序号 | 登录号 | 条形码 | 馆藏地/架位号 | 状态 | 备注 |
| 1 | 1346225 | 213462251 | 第一样本阅览室/ [索取号:J628.1/597] | 在馆 | |
| 2 | 1346226 | 213462260 | 第一借阅区/ [索取号:J628.1/597] | 在馆 | |
| 3 | 1346227 | 213462279 | 第一借阅区/ [索取号:J628.1/597] | 在馆 | |
| 4 | 1346228 | 213462288 | 第一借阅区/ [索取号:J628.1/597] | 在馆 |